000
00363nam a22001577a 4500
003
MPLRDC
005
20220104142720.0
008
210129b ||||| |||| 00| 0 eng d
082
_a
848.2 LL-12
100
_a
罗兰著
245
_a
给青年们
_c
260
_a
_b
文化图书公司
_c
300
_b
平
650
_a
现代别集
942
_c
BK
_o
848.2 LL-12
999
_c
33125
_d
33115